Normal view MARC view
  • Sahu Shantilata

Entry Personal Name

Number of records used in: 1

001 - CONTROL NUMBER

  • control field: 4026

003 - CONTROL NUMBER IDENTIFIER

  • control field: OSt

005 - DATE AND TIME OF LATEST TRANSACTION

  • control field: 20170914103126.0

008 - FIXED-LENGTH DATA ELEMENTS

  • fixed length control field: 170914|| aca||aabn | a|a d

040 ## - CATALOGING SOURCE

  • Original cataloging agency: OSt
  • Transcribing agency: OSt

100 ## - HEADING--PERSONAL NAME

  • Personal name: Sahu Shantilata

670 ## - SOURCE DATA FOUND

  • Source citation: Work cat.: (OSt): Sahu Shantilata, Learning to Read, 1985

Powered by Koha